000 00578nam a2200193Ia 4500
003 OSt
005 20260416151620.0
008 210210b2000 xxu||||| |||| 00| 0 eng d
040 _cAL
041 _aKannada
082 _aS491.8 HINV
100 _aHINDU SEVA PRATISHTANAM.
_dಹಿಂದೂ ಸೇವಾ ಪ್ರತಿಷ್ಠಾನಂ
_9261901
245 _aVyavahara sahasri.
_bವ್ಯವಹಾರ ಸಹಸ್ರಿ
260 _aBengaluru.
_bHindu Seva Pratishtanam.,
_c2000
300 _a57
690 _aSanskrit Usage
_9261902
906 _a036328
942 _2ddc
_cBK
999 _c86823
_d86823